| 000 | 00473cam a2200205 4500 | ||
|---|---|---|---|
| 001 | D8527 | ||
| 008 | 090401t1964 xxu||||| |||| 00| 0 eng d | ||
| 035 | _a(Sirsi) u13558 | ||
| 041 | _aeng | ||
| 050 | _a346.420438 | ||
| 100 | _aScammell, W.S. | ||
| 245 | 4 | _aThe law of agricultural holdings | |
| 250 | _a4th | ||
| 260 |
_bButterworths _c1964 |
||
| 300 | _a753p | ||
| 350 | _a0 | ||
| 520 | _aNew Edition in Current Collection | ||
| 942 | _n0 | ||
| 948 | _c04/03/1997 | ||
| 999 |
_c87110 _d87110 |
||